00708nam a2200181 a 450000100100000000500170001000800410002702000150006804000250008308200130010810000340012124500740015526001090022930000340033850400260037295201110039899900170050900004185820201002035809.0131018s1980 sp ab 000 0 spa d a8400045076 aDO-SdBNPbspacBNPHU axxxbxxx1 aLosada Gómez, Helena96874410aPlacas Grabadas Prehispanicas de Argentina. /cHelena Losada Gómez. aMadrid, :bConsejo Superior de Investigaciones CientíficasbInstituto Español de Prehistoria,c1980. a151 p. :bil., mapa ;c32 cm. aBibliografía p: 151 001050718MOaGRbGRcCTd2013-10-18iLF1l0oxxx xxxp41858-10r2020-06-25w2020-06-25y1ZNo se presta c41347d41347